Attacking Trios with the Most Goals in Football - Statistics

General Stats
  • This quiz has been taken 1,432 times
  • The average score is 12 of 21
Answer Stats
# Players % Correct
122, 100, 98, 97, 90 Lionel Messi
100%
118, 98 Cristiano Ronaldo
98%
122 Neymar
98%
122 Luis Suárez
95%
118, 98 Karim Benzema
92%
98 Gareth Bale
89%
100 Samuel Eto'o
60%
98, 90 David Villa
55%
100 Thierry Henry
53%
90 Zlatan Ibrahimović
53%
92 Robert Lewandowski
52%
98, 97 Pedro
50%
90 Ángel Di María
47%
91 Mohamed Salah
46%
91 Sadio Mané
43%
92 Thomas Müller
43%
90 Edinson Cavani
42%
91 Roberto Firmino
41%
118 Gonzalo Higuaín
34%
92 Serge Gnabry
28%
97 Alexis Sánchez
26%
No matching quizzes found
Score Distribution
Percent of People with Each Score
Percentile by Number Answered
Your Score History
You have not taken this quiz